| 000 | 01190cam a22003254a 4500 | ||
|---|---|---|---|
| 001 | 200256 | ||
| 005 | 20230104162323.0 | ||
| 008 | 990716s2000 flua b 001 0 eng | ||
| 906 |
_a7 _bcbc _corignew _d1 _eocip _f19 _gy-gencatlg |
||
| 925 | 0 |
_aacquire _b1 shelf copy _xpolicy default |
|
| 035 | _a(DLC) 99039814 | ||
| 010 | _a 99039814 | ||
| 020 | _a0849322774 (alk. paper) | ||
| 040 |
_aDLC _cDLC _dDLC |
||
| 042 | _apcc | ||
| 050 | 0 | 0 |
_aTA442.5 _b.K48 2000 |
| 082 | 0 | 0 |
_a620.1/36 _221 |
| 100 | 1 | _aKett, Irving. | |
| 245 | 1 | 0 |
_aEngineered concrete : _bmix design and test methods / _cIrving Kett. |
| 260 |
_aBoca Raton, FL : _bCRC Press, _cc2000. |
||
| 300 |
_ax, 170 p. : _bill. ; _c28 cm. |
||
| 440 | 0 | _aConcrete technology series | |
| 504 | _aIncludes bibliographical references. | ||
| 650 | 0 | _aConcrete. | |
| 650 | 0 | _aPortland cement. | |
| 650 | 0 |
_aConcrete _xTesting. |
|
| 856 | 4 | 2 |
_3Publisher description _uhttp://www.loc.gov/catdir/enhancements/fy0646/99039814-d.html |
| 985 | _eGAP | ||
| 999 |
_c11183 _d11183 |
||